[Event "Givataim int"]
[Site "Givataim"]
[Date "1998.12.??"]
[Round "?"]
[White "Kundin, Alexander"]
[Black "Erenburg, Sergey"]
[Result "1-0"]
[WhiteElo "2430"]
[BlackElo "2310"]
[Annotator "Kundin,A"]
[PlyCount "119"]
[EventDate "1998.12.??"]
[EventType "tourn"]
[EventRounds "1"]
[EventCountry "ISR"]
[SourceTitle "CBM 068"]
[Source "ChessBase"]
[SourceDate "1999.02.01"]
[SourceVersion "1"]
[SourceVersionDate "1999.02.01"]
[SourceQuality "1"]

{[%mdl 33]} 1. e4 d6 2. d4 Nf6 3. Nc3 Nbd7 4. Nf3 e5 5. Bc4 Be7 6. O-O O-O 7.
Re1 c6 8. a4 {/\a5} a5 (8... b6 $6 {[%csl Rc6]} 9. d5 c5 10. a5 $14) 9. b3 $5 {
The bishop is going to a3 to put pressure on the centre.} (9. h3 $14) 9... h6
10. Ba3 {[%cal Ya3e7]} Re8 11. h3 (11. Qd2 $6 Nb6 12. Bf1 Bg4 $132) 11... Qc7
12. Qd2 Nb6 13. Bf1 Be6 14. Rad1 Bf8 (14... Rad8 15. Nb1 $1 Nc8 16. c4 $14 {()}
) 15. Nb1 $5 {[%cal Yc2c4] This move is a bit awkward, but I didn't see any
other way of playing for the advantage. Now, due to a threat c4 black has to
react in the centre.} exd4 16. Nxd4 d5 17. exd5 (17. Bxf8 {Perhaps this was
better.} Kxf8 18. e5 Ne4 (18... Nfd7 19. f4 $14) 19. Qf4 $14 {/\f3}) 17... Bxd5
18. Rxe8 Nxe8 19. Bxf8 Kxf8 {I was sure that in this position white was better
because of his development advantage - the rook on a8 is grounded, the knights
are misplaced and the bishop's position is unsecured. However, during the game
I was unable to find the way of developing this initiative.} 20. c4 Be4 21. Nc3
Nf6 {So far black's moves were forced, but here I stumbled. I wanted to
exchange my unuseful bishop but that was a crucial loss of a tempo. It was
only ofter the game with the aid of Fritz5 that I've found the way to the
advantage. The solution is simple but beautiful.} {[%tqu "En","Perhaps you can
solve this position?","","","f1d3","",10,"c3e4","",20]} 22. Bd3 $6 (22. Nxe4 $1
Nxe4 23. Qe1 $1 {Throwing the knight away from the centre} Nc5 24. Nf5 Ne6 25.
Qc3 Qf4 26. Bd3 $14) 22... Bxd3 23. Qxd3 {Now it was time for my opponent to
make a mistake, just when he finally got good position.} {[%tqu "En","","","",
"g7g6","",10,"b6d7","",20]} g6 $2 (23... Nbd7 $1 24. Nf5 {[%tqu "En","","","",
"c7e5","It is this strong move that my opponent has overlooked. I believe
black can even play for the advantage owing to the weaknessess of white's
queen side flank.",20]} Qe5 $1 {[%csl Rb3] It is this strong move that my
opponent has overlooked. White's initiative has come to an end. I believe
black can even play for the advantage owing to the weaknessess of white's
queen side flank - the threat Nc5 is very annoying}) {[%tqu "En","Suggest a
way of exploiting the advantages of white...","","","c3e4","",20]} 24. Ne4 $1 {
With the exchange of this pair of knights black remains without counterplay
and with a bad knight on b6. White's advantage is stable.} Nxe4 25. Qxe4 Re8
26. Qh4 Kg7 {[%tqu "En","","","","d4c2","It was the most difficult manoeuvre
of the entire game for me. The knight is going to e3 to block the e-file which
black controls and establish control over the d-file which white controls. The
move was inspired by the Dvorezky's marvellous books.",30]} 27. Nc2 $1 $14 Re7
$6 $138 (27... Qe5 $2 28. Re1 Qb8 29. Rxe8 Qxe8 30. Qd4+ $18) (27... Nd7 $1 28.
Qd4+ Nf6 29. Re1 (29. Ne3 Qe5 30. Kf1 Qxd4 31. Rxd4 Ne4 $11) 29... Rxe1+ 30.
Nxe1 $14) 28. Ne3 Rd7 29. Rxd7 Qxd7 (29... Nxd7 30. Qe7 Qc8 31. Ng4 h5 32. Ne5
Nxe5 33. Qxe5+ Kh7 34. Qxa5 $16) {[%tqu "En","Find the best move. You have
exactly the time I had during the game.","","","h4f4","In the time pressure I
almost fell to the trap that was put by the black",10]} 30. Qf4 $1 $18 {
In the time pressure I almost fell to the trap that was put by the black, but
now black is defenceless against Ng4 and Qe5+.} (30. Ng4 $2 Qd1+ $1 31. Kh2
Qd6+ $1 32. g3 (32. Qg3 Qxg3+ 33. Kxg3 Nd7 $17 {[%csl Rb3]}) 32... g5 33. Qh5
Qg6 34. Qxg6+ Kxg6 $15 {[%csl Rb3]}) 30... h5 31. Qe5+ Kh7 32. Qxa5 Nc8 33. Qe5
Qd2 {[%tqu "En","Suggest a strategic plan...","","","g2g4","White gains space
on the king side, thus securing its king and suppressing black's potential
counterplay. Besides, there will be always a threat g4-g5 and Ng4 with a
devastating attack.",20]} 34. g4 $1 (34. Nf5 $2 gxf5 35. Qxf5+ Kg7 36. Qxc8
Qe1+ 37. Kh2 Qxf2 {With a chances for draw.}) (34. Qc7 Nd6 35. c5 $2 Qc1+ 36.
Kh2 Qxc5) 34... hxg4 35. hxg4 $1 {Maybe not the strongest, but definetely the
simplest decision. Black is suffocating slowly but surely.} (35. Nxg4 $5 {
It is totally unnecessary to go into an adventure whose outcomes you cannot
predict when you have a technically won position, though in this particular
position it seems to be winning. I simply didn't bother myself calculating the
prospects of this attack.} Nd6 (35... Qd1+ 36. Kg2 Qxb3 37. Qc7 $1 $18) 36. Kg2
$18 {[%csl Rh7]}) 35... Qd7 36. Kg2 Nd6 37. Kf3 f5 {Desparation.} 38. gxf5 Nxf5
(38... gxf5 39. c5 Ne4 40. Nxf5 $18) 39. Nxf5 gxf5 40. Kf4 Kg6 41. c5 $18 Qd2+
42. Qe3 Qd7 43. b4 Kf7 44. Qb3+ Kg7 45. Qg3+ Kf7 46. Qb3+ Kg7 47. Ke5 {Despite
all the attempts the victory is inevitable now.} Qe7+ 48. Qe6 Qh4 49. Qd7+ Kg8
50. Qc8+ Kg7 51. Qxb7+ Kh8 52. Qc8+ Kg7 53. Qd7+ Kh8 54. Qd4 f4 55. Kd6+ Kh7
56. Kxc6 Qh1+ 57. Kb6 Qa8 58. Qd7+ Kg8 59. a5 Qe4 60. Qc8+ {I consider this
game as definitely one of my best.} 1-0

[Event "FRA-ch"]
[Site "Val d'Isere"]
[Date "2002.08.21"]
[Round "3"]
[White "Lautier, Joel"]
[Black "Dorfman, Josif D"]
[Result "1-0"]
[WhiteElo "2663"]
[BlackElo "2617"]
[Annotator "Lautier,J"]
[PlyCount "89"]
[EventDate "2002.08.19"]
[EventType "tourn"]
[EventRounds "11"]
[EventCountry "FRA"]
[EventCategory "13"]
[SourceTitle "CBM 091"]
[Source "ChessBase"]
[SourceDate "2002.11.12"]
[SourceVersion "1"]
[SourceVersionDate "2002.11.12"]
[SourceQuality "1"]

1. e4 {Huzman} e5 2. Nf3 d6 3. d4 exd4 4. Nxd4 Nf6 5. Nc3 Be7 6. Bf4 O-O 7. Qd2
Nc6 8. O-O-O Nxd4 9. Qxd4 Be6 10. f3 Nd7 11. Qe3 $1 {'N' Huzman. Huzman:
'After this strong move pawn f3 becomes protected before pawn attack on the
king's side starts .But more important fact is that withstanding Rd1-Qd8 is
unpleasant for Black.'} (11. g4 Bg5) (11. Qd2 Ne5) (11. Kb1 {Huzman} Bf6 12.
Qd2 Nb6 13. Nd5 Bxd5 14. exd5 Na4 15. c3 b5 $1 $17 {Agnos,D-Skembris,S/Athens
1995/ (15)}) 11... Bf6 12. g4 a6 (12... Be5 13. Bg3 $36 {/\ Be2, f4}) 13. g5 (
13. h4 Be5 14. g5 {- 13.g5}) 13... Be5 14. h4 (14. Bg3 $2 Bxc3 15. Qxc3 Qxg5+
16. f4 Qh6 (16... Qc5 17. f5 Bxa2 $1 (17... Qxc3 18. bxc3 Bxa2 19. Kb2 Nc5 20.
Kxa2 Nxe4 21. Kb2 $14) 18. Qxc5 Nxc5 19. b3 a5 20. Kb2 a4 21. Kxa2 axb3+ 22.
Kb1 Nxe4 $17) 17. Qxc7 Nc5 18. e5 Rac8 19. Qxd6 Bxa2 $17) 14... Qe7 $6 (14...
Bxf4 15. Qxf4 f6 16. Qg3 $36 (16. g6 hxg6 17. Bh3 f5 18. Rhg1 Qf6 $132)) (14...
f6 $5 15. Ne2 (15. Bxe5 fxe5 $13) (15. g6 hxg6 16. Bh3 Bf7 $13) 15... Qe7 (
15... fxg5 16. Bxg5 Bf6 17. Nd4 $36) 16. Rg1 $14 (16. Bg3 Bxg3 17. Nxg3 Qf7 18.
Be2 fxg5 19. hxg5 Ne5 $13)) 15. Bh2 $1 {/\ f4} Bxh2 (15... Nc5 16. Re1 $1 $36 {
/\ f4} (16. Bxe5 dxe5 17. Nd5 Bxd5 18. Rxd5 b6)) 16. Rxh2 Ne5 17. Be2 f5 (17...
b5 18. f4 Nc4 19. Bxc4 (19. Qd4 c5 20. Qd3 b4 $132) 19... Bxc4 20. h5 $36 b4 $2
21. h6 $1 $16) 18. f4 (18. exf5 Bxf5 19. f4 Nc6 $14) 18... Nc6 (18... Nc4 19.
Qd4 Nb6 (19... c5 $2 20. Nd5 $18) 20. exf5 Bxf5 21. Bf3 $16) (18... Ng4 $142 {
Huzman} 19. Bxg4 fxg4 20. h5 (20. Qg3 {Huzman} b5 $132) 20... b5 21. h6 g6 22.
e5 {[%cal Gc3e4,Ge4f6]} (22. f5 $2 {Huzman} Bxf5 23. Nd5 Qxe4 24. Qxe4 Bxe4 25.
Nf6+ Rxf6 26. gxf6 g3 $17) 22... Qf7 (22... dxe5 {Huzman} 23. Qxe5 Rf5 24. Nd5
$16) 23. Rf2 (23. exd6 {Huzman} cxd6 24. Rxd6 Rae8 $132) 23... dxe5 24. Qxe5
$36 {[%cal Gc3e4,Ge4f6]}) 19. h5 $1 fxe4 (19... Rae8 20. h6 g6 21. exf5 Bxf5
22. Qd2 Qe3 23. Qxe3 Rxe3 24. Nd5 $16) 20. h6 g6 21. Nxe4 d5 22. Nc5 $5 (22.
Nf6+ Rxf6 23. gxf6 Qxf6 24. Bf3 d4 25. Qd2 Rd8 $16) 22... Rae8 23. Bf3 Bf7 (
23... Qf7 $2 24. Nxe6 d4 (24... Rxe6 25. Qxe6 Qxe6 26. Bxd5 $18) 25. Qb3 Rxe6
26. Bd5 Qxf4+ 27. Rhd2 $18) 24. Qxe7 Rxe7 25. Nxb7 Rb8 26. Nc5 Rb5 27. Nd3 (27.
Nb3 Rb4 28. Rh4 Ne5 29. Bxd5 Bxd5 30. Rxd5 Nf3 $16) 27... Nd4 28. Bg4 (28. Rf2
$5 Nxf3 29. Rxf3 d4 30. Ne5 c5 31. Ra3 Rb6 32. Ra5 $16) 28... Re4 29. Rf2 (29.
c3 $142 Ne6 30. Rf2 $16) (29. Rhd2 $1 {Huzman} Ne6 (29... Be6 {Huzman} 30. Nf2
Bxg4 31. Nxe4 dxe4 32. Rxd4 Bxd1 33. Kxd1 (33. Rxd1 $18 {Huzman}) 33... Rxb2
34. Rd7 $18) 30. Rf2 $18) 29... Be6 30. Ne5 $1 Nf5 (30... Bxg4 $2 31. Nxg4 Rxf4
(31... Ne2+ 32. Kd2 $18) 32. Rxd4 Rxd4 33. Nf6+ Kf7 (33... Kh8 34. Nd7 $18) 34.
Nxd5+ Ke6 35. Nxc7+ $18) 31. c3 (31. c4 {Huzman} Rc5 32. b3 $1 Kf8 33. Bf3 Rxf4
34. Nd3 $18) 31... Rb6 32. Bf3 (32. Bxf5 gxf5 $16 {/\ c5}) 32... Rxf4 33. Rxd5
(33. Bxd5 $5 Rxf2 34. Bxe6+ Kf8 35. Nd7+ Ke7 36. Nxb6 cxb6 37. Bc8 Nd6 38. Re1+
(38. Bxa6 Rf5) 38... Kd8 39. Be6 Rg2 40. Re5 $16) 33... Rd6 (33... Nd6 34. Rc5
Rf5 35. Nd3 Nf7 36. Rxf5 gxf5 37. Nf4 $16) 34. Rc5 (34. Nd3 Bxd5 35. Bxd5+ Rxd5
36. Nxf4 Rd6 $16) 34... Ne3 (34... Nh4 $142 35. Rxc7 Rf5 36. Rg7+ Kh8 (36...
Kf8 37. Rxh7 Rxe5 38. Be2+ Rf5 39. Rxf5+ Nxf5 40. Rh8+ Kf7 41. Rb8 $18) 37. Re7
Bg8 38. Re8 Re6 39. Rxe6 Bxe6 40. Re2 Rxg5 41. b3 $16) 35. Rd2 (35. b4 $142 Rf5
36. Re2 $18) 35... Rf5 36. b3 $138 (36. Rd4 $1 Rxg5 37. Rxc7 $18) 36... Rxg5
37. Re2 Nd5 (37... Nf5 38. Ng4 $16 (38. Rxc7 Nxh6 39. Nc4 Rd3 40. Bb7 $16)) 38.
Nc4 Rg1+ 39. Kb2 Nf4 40. Rxc7 Rd3 (40... Rd8 41. Re4 Nd3+ 42. Ka3 $18) 41. Be4
(41. Ne5 $1 Rxf3 42. Rd2 Nd3+ 43. Nxd3 Rf7 44. Ne5 $18) 41... Rd8 (41... Nxe2
42. Bxd3 Rg2 (42... Nf4 43. Be4 Re1 44. Nd6 $18) 43. Rg7+ Kh8 44. Re7 Nf4+ 45.
Ka3 Bg8 46. Ne3 $1 Rh2 47. Ng4 Rh4 48. Re8 $18) 42. Rf2 Rf8 43. Rd2 Re1 44. Nd6
$1 Nh5 (44... Re3 45. Rg7+ Kh8 46. Nf7+ Bxf7 47. Rxf7 Ne6 48. Rxf8+ Nxf8 49.
Rf2 Nd7 50. Bc6 $18) (44... Kh8 45. Nf7+ Kg8 46. Ng5 $18) 45. Re7 1-0

[Event "Tata Steel-C 74th"]
[Site "Wijk aan Zee"]
[Date "2012.01.24"]
[Round "9"]
[White "Adhiban, Baskaran"]
[Black "Hopman, Pieter"]
[Result "1-0"]
[WhiteElo "2561"]
[BlackElo "2342"]
[Annotator "Let's Check"]
[PlyCount "101"]
[EventDate "2012.01.14"]
[EventType "tourn"]
[EventRounds "13"]
[EventCountry "NED"]
[EventCategory "9"]
[SourceTitle "CBM 147"]
[Source "ChessBase"]
[SourceDate "2012.03.16"]
[SourceVersion "1"]
[SourceVersionDate "2012.03.16"]
[SourceQuality "1"]

1. e4 d6 2. d4 Nf6 3. Nc3 e5 4. Nf3 Nbd7 5. g4 Nxg4 6. Rg1 Ngf6 7. Bc4 h6 8.
Be3 c6 9. dxe5 dxe5 10. Qd3 b5 11. Bb3 Qa5 12. O-O-O Ba6 13. Nd2 c5 14. Nd5 c4
15. Nxf6+ Nxf6 16. Nxc4 bxc4 17. Bxc4 Bxc4 18. Qxc4 Rd8 19. Qc6+ Nd7 20. Kb1
Qb4 21. Rd3 Qe7 22. Rgd1 Qe6 23. Qa4 Be7 24. c4 f5 25. f3 fxe4 26. fxe4 Rf8 27.
c5 Rf6 28. Qxa7 Qc6 29. Rd5 Rf3 30. Bg1 Rf4 31. Qa3 Rxe4 32. Qg3 g5 33. Qf3 Rf4
$6 (33... Nf6 34. Rxd8+ Bxd8 $19) 34. Qh5+ $17 Rf7 35. a3 Qe6 36. Be3 Qf5+ 37.
Ka1 Qf3 38. Qg6 $2 (38. Qxh6 Qf6 39. Qxf6 $11) 38... Qf6 $2 (38... Qxe3 39. c6
Nf6 $19) 39. Qe4 Qc6 40. h4 Qe6 $2 (40... gxh4 41. Qc4 h3 $17) 41. hxg5 $16
hxg5 42. Qa4 Rf6 $2 (42... Rf1 43. Rxd7 Qxd7 $14) 43. Bxg5 $18 Rf1 44. Rxf1
Qxd5 45. Bxe7 Kxe7 46. Qh4+ Ke8 47. Qh5+ Ke7 48. Qg5+ Ke8 49. Qg6+ Ke7 50. Qg7+
Ke8 51. c6 1-0

[Event "CRO-ch 12th"]
[Site "Opatija"]
[Date "2012.01.27"]
[Round "11"]
[White "Saric, Ivan"]
[Black "Jovanovic, Zoran2"]
[Result "1-0"]
[WhiteElo "2651"]
[BlackElo "2556"]
[Annotator "Let's Check"]
[PlyCount "77"]
[EventDate "2012.01.17"]
[EventType "tourn"]
[EventRounds "11"]
[EventCountry "CRO"]
[EventCategory "13"]
[SourceTitle "CBM 147"]
[Source "ChessBase"]
[SourceDate "2012.03.16"]
[SourceVersion "1"]
[SourceVersionDate "2012.03.16"]
[SourceQuality "1"]

1. e4 d6 2. d4 Nf6 3. Nc3 e5 4. Nf3 Nbd7 5. Bc4 Be7 6. O-O O-O 7. Re1 c6 8. a4
a5 9. Ba2 Qb6 10. h3 exd4 11. Qxd4 Qb4 12. Qe3 Ne5 13. Nd4 Bd8 14. Bd2 Nc4 15.
Bxc4 Qxc4 16. b3 Qc5 17. Qd3 Re8 18. Bf4 Bc7 19. Rad1 Nd7 20. Nf5 Ne5 21. Qg3
g6 22. Re3 Kh8 $2 (22... Be6 23. Qg5 Bxf5 $14) 23. Bg5 $2 (23. Qg5 Bd8 24. Qh6
$18) 23... Bxf5 $16 24. exf5 Nd7 25. fxg6 fxg6 26. Be7 Qf5 27. Bxd6 Rxe3 $6 (
27... Bxd6 28. Rxd6 Nc5 $16) 28. Qxe3 $18 Bb6 29. Qf4 $2 (29. Qe7 Rf8 30. Ne4
$18) 29... Qxc2 $2 (29... Qxf4 30. Bxf4 Rf8 $16) 30. Be5+ Nxe5 31. Qxe5+ Kg8
32. Qe6+ Kg7 33. Rd7+ Kh6 34. Qf6 Qf5 35. Qh4+ Qh5 36. Qf4+ g5 37. Qe5 Rg8 38.
Ne4 Qe2 39. Qf6+ 1-0

[Event "EU-ch 12th"]
[Site "Aix les Bains"]
[Date "2011.03.27"]
[Round "6"]
[White "Roser, Kevin"]
[Black "Stefansson, Hannes"]
[Result "1/2-1/2"]
[WhiteElo "2423"]
[BlackElo "2557"]
[Annotator "Marchand,A/Primel,D"]
[PlyCount "102"]
[EventDate "2011.03.22"]
[EventType "swiss"]
[EventRounds "11"]
[EventCountry "FRA"]
[SourceTitle "CBM 142 Extra"]
[Source "ChessBase"]
[SourceDate "2011.06.27"]
[SourceVersion "1"]
[SourceVersionDate "2011.06.27"]
[SourceQuality "1"]
[TimeControl "40/5400+30:1800+30"]

1. e4 {A.Marchand: Kevin a mis la pression sur le roque du GMI Islandais, dans
une ouverture irrégulière (Pirc transformée en Philidor ?)} d6 2. d4 Nf6 3. Nc3
e5 4. Nf3 Nbd7 5. Bc4 Be7 6. O-O O-O 7. Re1 c6 8. a4 a5 {[%csl Gb4]} (8... b6 {
L'alternative dans cette défense Philidor} 9. d5) 9. h3 Nb6 (9... exd4) (9...
h6) 10. Ba2 (10. Bf1 exd4) 10... Nfd7 $1 {[%cal Gd7c5,Gc5a4,Ge7f6]} 11. Be3
exd4 {Abadonne le centre pour obtenir jouer Nc5 et avoir un bon jeu de pièces
mineures} 12. Qxd4 (12. Bxd4 Nc5 13. Bxc5 dxc5 14. Qe2 Qd6 15. Rad1 $32 {
Parligras,M (2574)-Bologan,V (2663) Moscow Aeroflot op-A1 2008 (1) 1/2}) 12...
Nc5 13. Rad1 $14 {[%csl Rd6] L'isséen a un petit avantage d'espace mais la
position du GMI est solide} Be6 $1 14. Bxe6 fxe6 15. e5 $1 {Forçant les Noirs
а répondre d6d5 qui va donner une case forte "d4" pour faire transiter les
pièces vers l'aile-roi} d5 16. Qg4 $36 {[%csl Re6][%cal Ge3h6,Gd1d4]} Qe8 17.
b3 (17. Nd4 {[%csl Re6]} Qf7 18. b3 Nbd7 19. f4 $14 {[%cal Gf4f5];Ganguly,S 
(2634)-Berkes,F (2663) George Marx Memorial 7th 2009 (3) 1/2}) 17... Nbd7 18.
Bh6 $146 ({RR} 18. Rd4 Rf5 19. Qg3 Kh8 20. Rg4 Qf7 21. Bd2 Rf8 22. Re2 Bd8 23.
Nd4 Bc7 24. f4 Bd8 25. Be3 Be7 26. Kh2 g6 27. Qf2 h5 28. Nxf5 Qxf5 29. Rh4 Ne4
30. Nxe4 Qxe4 {1/2-1/2 Ni Hua (2645)-Danielsen,H (2519)/New Delhi 2011/
Mega2011 Update 04}) 18... Qf7 19. Re2 (19. Rd4 $5 {[%cal Gd4f4]}) 19... Kh8
$11 20. Bc1 (20. Be3) 20... Bd8 {[%cal Gd8c7,Gc7e5,Gd8b6]} 21. Nd4 {[%csl Gd4]}
Bb6 (21... Bc7) 22. Kh1 Rfe8 (22... Rae8) 23. f4 Nf8 24. Nf3 {[%cal Gf3g5,
Gg5f7]} h6 {[%csl Rg6]} 25. Be3 (25. Nh4 {[%csl Rg6][%cal Gf4f5]} Rad8 26. Ba3
(26. f5)) 25... Ng6 (25... Rad8) 26. Rf1 Nd7 {Le signe que les Blancs ont une
petite initiative car le GMI se résoud а faire une concession en échangant son
bon B} 27. Bxb6 Nxb6 28. Nd4 Nd7 {[%cal Gd7e5] Les N noirs font pression sur
"e5" afin de retarder la percée thématique f4f5} 29. Ree1 {Un coup d'attente
pour lier les R} (29. h4 $2 {[%cal Gh4h5]} Ndxe5 {[%cal Gf7f1]}) 29... Ngf8 30.
f5 $5 (30. h4 $5 {[%cal Gh4h5] Il vallait peut-être mieux retarder la percée
f4f5 et gagner un peu d'espace supplémentaire а l'aile-roi car les Noirs
manquent de contre-jeu} Rad8 31. h5 {[%csl Rg6]} Nc5 32. f5 exf5 33. Rxf5 {
Par rapport а la partie, les Noirs n'ont plus la réponse Qg6} Qd7 34. Ref1 Nfe6
35. Nce2 $16) 30... exf5 31. Rxf5 Qg6 32. Qf4 Nc5 33. Rf1 Nfe6 $132 {[%cal
Ge6d4,Ge6f4] Provoque des échanges et le P isolé "e5" peut-être une faiblesse
en finale} 34. Nxe6 Nxe6 35. Qf2 Kg8 36. Ne2 Re7 37. Nd4 Rae8 38. Nxe6 Rxe6 39.
Qf4 R6e7 40. Rf3 {[%cal Gf3g3]} Qe6 41. h4 {Trop tard!} Qc8 42. h5 Qb8 43. Re3
c5 44. g4 d4 45. Re1 Qd8 46. Qe4 b6 47. Kg2 Re6 48. Ref1 Qc7 49. Re1 Qd8 50.
Ref1 Qc7 51. Re1 Qd8 1/2-1/2

[Event "EU-chT (Men) 19th"]
[Site "Warsaw"]
[Date "2013.11.16"]
[Round "8.17"]
[White "Tari, Aryan"]
[Black "Zagorskis, Darius"]
[Result "0-1"]
[WhiteElo "2420"]
[BlackElo "2480"]
[Annotator "Marin,M"]
[PlyCount "82"]
[EventDate "2013.11.08"]
[EventType "team-swiss"]
[EventRounds "9"]
[EventCountry "POL"]
[SourceTitle "CBM 158"]
[Source "ChessBase"]
[SourceDate "2014.01.16"]
[SourceVersion "1"]
[SourceVersionDate "2014.01.16"]
[SourceQuality "1"]
[WhiteTeam "Norway"]
[BlackTeam "Lithuania"]
[WhiteTeamCountry "NOR"]
[BlackTeamCountry "LTU"]

1. e4 d6 2. d4 Nf6 3. Nc3 e5 4. Nf3 Nbd7 5. Bc4 Be7 6. O-O O-O 7. Re1 a6 8. a4
b6 9. Ba2 {One of the many possible moves here.} (9. b3 Bb7 10. Ba3 (10. Bb2 {
1-0 Levushkina,E (2309)-Bindrich,F (2554)/Nuremberg 2011/CBM 144 Extra/[Gutman,
L] (55)}) 10... c6 11. d5 c5 {1-0 Wedberg,T (2475)-Schmaltz,R (2520)/Harplinge
1998/CBM 067/[Wedberg] (47)}) (9. h3 Bb7 10. d5 Ne8 (10... Kh8 11. Be3 Ng8 {
0-1 Ginsburg,G (2493)-Schmaltz,R (2534)/Griesheim 2002/CBM 088/[Hecht] (47)})
11. Bf1 g6 12. Bh6 Ng7 {1-0 Paehtz,E (2461)-Glek,I (2408)/Germany 2011/CBM 146/
[RR] (60)}) 9... Bb7 10. h3 h6 (10... c6 {transposes to a completely different
system in which Black usually starts with ...c7-c6.}) 11. Qd3 (11. Qe2 exd4 12.
Nxd4 Re8 13. Bf4 Ne5 14. Bxe5 dxe5 15. Nf5 $36 {Zelcic,R (2545)-Jovanovic,Z 
(2532)/Zadar 2009/CBM 133 Extra (1-0, 41)}) (11. Nh2 Re8 12. Be3 Bf8 13. Qf3
exd4 14. Bxd4 Ne5 {0-1 (45) Jones,G (2575)-Movsesian,S (2721)/Warsaw 2010/CBM
139 Extra} 15. Bxe5 Rxe5 (15... dxe5 16. Ng4) 16. Ng4 $36) 11... exd4 12. Nxd4
Ne5 13. Qe2 Re8 $146 ({Clearly better than the somewhat pointless} 13... Kh8 $6
{Karpatchev,A (2474)-Kochetkova,J (2311)/Moscow 2011/CBM 140 Extra (1/2, 65)})
14. f4 {Too straightforward.} ({When one does not know exactly what to do,
developing is a sound possibility:} 14. Bf4 Bf8 15. Bg3 {[%cal Gf2f4]} (15.
Rad1 b5 $1 {[%csl Ga2]})) 14... Ned7 15. Qc4 {With the rooks disconnected -
highly unrecommendable!} d5 16. exd5 Bc5 (16... b5 $5 $15 17. axb5 axb5 18.
Qxb5 Bc5 $19) 17. Be3 b5 $1 $36 18. Qd3 (18. axb5 axb5 19. Ncxb5 (19. Qxb5 Rxe3
$19) 19... Bxd5 $19) 18... b4 19. Nc6 Rxe3 20. Rxe3 Bxc6 21. dxc6 Nb6 22. Kh1
Bxe3 23. Qxe3 bxc3 24. Qxc3 Qd6 25. Qb3 Rf8 26. a5 Nbd5 27. Qc4 Nxf4 28. Qxa6
Qd2 29. Qf1 Ne4 30. Qf3 Ng5 31. Qg4 Ne4 32. Qf3 Ne2 33. Bc4 N2g3+ 34. Kh2 Qxc2
35. b3 Qb2 36. Rd1 Kh8 37. a6 f5 38. a7 Qa3 39. Qe3 Ra8 40. h4 Kh7 41. Be6 Qe7
0-1

[Event "Olympiad-37"]
[Site "Turin"]
[Date "2006.06.02"]
[Round "11"]
[White "Guseinov, Gadir"]
[Black "Eljanov, Pavel"]
[Result "0-1"]
[WhiteElo "2615"]
[BlackElo "2665"]
[Annotator "Marin,M"]
[PlyCount "106"]
[EventDate "2006.05.21"]
[EventType "team-swiss"]
[EventRounds "13"]
[EventCountry "ITA"]
[SourceTitle "CBM 113"]
[Source "ChessBase"]
[SourceDate "2006.07.31"]
[SourceVersion "1"]
[SourceVersionDate "2006.07.31"]
[SourceQuality "1"]
[WhiteTeam "Azerbaijan"]
[BlackTeam "Ukraine"]
[WhiteTeamCountry "AZE"]
[BlackTeamCountry "UKR"]

1. e4 d6 2. d4 Nf6 3. Nc3 e5 4. Nf3 Nbd7 5. Bc4 Be7 6. O-O O-O 7. Re1 c6 8. a4
b6 9. Ba2 a6 10. h3 Rb8 {This is certainly better than the premature
development of the bishop.} (10... Bb7 11. Nh4 exd4 12. Qxd4 c5 13. Qd1 g6 14.
Bh6 Re8 15. Nf3 Bf8 16. Bxf8 Nxf8 17. Ng5 Re7 18. Qf3 Kg7 19. Rad1 $16 {
1-0 Guseinov,G (2615)-Nguyen Ngoc Truongson (2555)/Turin ITA 2006/TWIC 604 (51)
}) 11. Bg5 ({The usefullness of the bishop on its initial square can be seen
after} 11. Nh4 exd4 12. Qxd4 Nc5 13. Nf5 Bxf5 14. exf5 d5 $15 {0-1 Vasiesiu,D 
(2435)-Badea,B (2477)/Bucharest 2002/CBM 087 ext (28)}) 11... b5 12. axb5 axb5
13. b4 Re8 14. Rb1 Qc7 15. Nh4 exd4 16. Qxd4 Nf8 17. Qd3 Be6 18. Bxe6 fxe6 19.
Qg3 N8d7 20. Nf3 e5 21. Nh4 Nh5 22. Qg4 Bxg5 23. Qxg5 Nf4 24. Ne2 Ne6 25. Qe3
Nb6 26. Nf5 Nc4 27. Qd3 Rbd8 28. Ra1 d5 29. Ra6 Qb7 30. Rea1 Qf7 31. Rxc6 Nf4
32. Nxf4 exf4 33. Qd1 dxe4 34. Qg4 Kh8 35. Qxf4 g6 36. Rc7 Qxf5 37. Qxf5 gxf5
38. Raa7 Re6 39. Rxh7+ Kg8 40. Rhg7+ Kf8 41. Raf7+ Ke8 42. Rxf5 Rd1+ 43. Kh2
Nd6 44. Rh5 Re7 45. Rxe7+ Kxe7 46. Rc5 Rd2 47. Kg1 Ke6 48. h4 Rd4 49. c3 Rc4
50. g4 e3 51. f3 Rf4 52. Kf1 Rxf3+ 53. Ke2 Rh3 0-1